Biblioteca

Patterns of destiny : (Registro nro. 67594)

Detalles MARC
000 -LÍDER
Campo fijo de descripción fija 01929nam a2200373 i 4500
001 - NÚMERO DE CONTROL
Campo de control 768714001
003 - IDENTIFICADOR DEL NÚMERO DE CONTROL
Campo de control CO-MdFUSB
005 - FECHA Y HORA DE LA ULTIMA TRANSACCIÓN
control field 20220630122238.0
007 - CAMPO FIJO DE DESCRIPCIÓN FIJA--INFORMACIÓN GENERAL
Campo fijo de descripción fija ta
008 - ELEMENTOS DE LONGITUD FIJA -- INFORMACIÓN GENERAL
Campo fijo de descripción fija -- Información general 001121t2002 inu sb 001 0 eng d
020 ## - NÚMERO INTERNACIONAL NORMALIZADO PARA LIBROS
Cancelado / ISBN no válido 1575060523
040 ## - FUENTE DE CATALOGACIÓN
Agencia de catalogación original MiAaPQ
Agencia que realiza la transcripción CO-MdFUSB
Agencia que realiza la modificación MiAaPQ
Idioma de catalogación spa
Convenciones de la descripción rda
041 ## - CÓDIGO DE IDIOMA
Código de idioma para texto/pista de sonido o título separado eng
082 ## - NÚMERO DE CLASIFICACIÓN DECIMAL DEWEY
Número de la edición del Dewey 23
Número de clasificación 221.6
Clave de autor-Numero de item SH531
100 1# - ASIENTO PRINCIPAL--NOMBRE PERSONAL
Nombre personal Sharon, Diane M.
Término relacionador autor
245 10 - TÍTULO
Título del Material Patterns of destiny :
Parte restante del título - Subtitulo narrative structures of foundation and doom in the hebrew Bible /
Mención de responsabilidad, etc. Diane M. Sharon.
264 #1 - PRODUCCIÓN, PUBLICACIÓN, DISTRIBUCIÓN, MANUFACTURA, Y COPYRIGHT
Nombre del productor, publicador, distribuidor Eisenbrauns,
Lugar de producción, publicación, distribución, manufactura Winona Lake, Ind. :
Fecha de producción, publicación, distribución, manufactura, o copyright [2002]
264 #4 - PRODUCCIÓN, PUBLICACIÓN, DISTRIBUCIÓN, MANUFACTURA, Y COPYRIGHT
Fecha de producción, publicación, distribución, manufactura, o copyright © 2002
300 ## - DESCRIPCIÓN FÍSICA
Extensión 244 páginas
Dimensiones ; 24 cm
336 ## - TIPO DE CONTENIDO
Fuente rdacontent
Término de tipo de contenido texto
Código de tipo de contenido txt
337 ## - TIPO DE MEDIO
Fuente rdamedia
Nombre del tipo de medio sin mediación
Código del tipo de medio n
338 ## - TIPO DE SOPORTE
Fuente rdacarrier
Nombre del tipo de soporte volumen
Código Tipo de soporte nc
500 ## - NOTA GENERAL
Nota General Revisión y expansión de la tesis del autor (doctorado), La función literaria de comer y beber en la narrativa bíblica hebrea con referencia a las literaturas del antiguo Cercano Oriente - Seminario Teológico Judío de América, Nueva York, 1995.
504 ## - NOTA DE BIBLIOGRAFÍA, ETC.
Nota de bibliografía, etc Incluye referencias bibliográficas (p. 209-232) e índices.
505 ## - NOTA DE CONTENIDO
Nota de contenido con formato preestablecido Introducción -- Estructuralismo, análisis proppiano y narrativa bíblica -- Comer y beber como variables en la narrativa bíblica -- La ausencia inesperada de comer y beber -- Patrones de destino: comer y beber como constantes dentro del género establecimiento / fundación -- Patrones de destino: comer y beber como constantes dentro del género condenación / fatalidad -- Patrones de destino: variaciones y adaptaciones -- Resumen y conclusión -- Bibliografía -- Índice de autores -- Índice de las Escrituras.
563 ## - NOTA DE ENCUADERNACIÓN
Nota de encuadernación Pasta dura
630 #0 - TITULO UNIFORME
Título uniforme Biblia.
Nombre de parte o sección de la obra Antiguo Testamento
Subdivisión de materia general Crítica estructuralista
630 #0 - TITULO UNIFORME
Título uniforme Biblia.
Nombre de parte o sección de la obra Antiguo Testamento
Subdivisión de forma Criticismo, narrativa
653 ## - TÉRMINO DE INDIZACIÓN - NO CONTROLADO
Término no controlado Comidas en la biblia
653 ## - TÉRMINO DE INDIZACIÓN - NO CONTROLADO
Término no controlado Bebidas en al biblia
942 ## - TIPO DE MATERIAL (KOHA)
Tipo de Item KOHA Libros General
945 ## - INFORMACIÓN LOCAL DEL REGISTRO
Catalogador JTF-925
Existencias
Estado de Material Estado de Perdido Forma de Clasificación Estado de Dañado No para Préstamo Colección Biblioteca de Origen Biblioteca Permanente Fecha de Adquisición Área Total de Préstamos Signatura Topográfica Código de Barras Última vez visto Ejemplar/Existencia Fecha de Remplazo Tipo de Material
    Dewey Decimal Classification     Colección General Biblioteca FUSBC Biblioteca FUSBC 30/03/2022 BIBLIA   G 221.6 SH531p 21774 30/03/2022 Ej.1 30/03/2022 Libros General

Biblioteca FUSBC | Teléfono: (57+4) 349 88 10 Ext. 141| WhatsApp (+57) 3005338115 
E-mail: biblioteca@unisbc.edu.co | Calle 76 87-14 Robledo Palenque, Medellín, Colombia

Con tecnología Koha